00299nam a2200097 a 450000500170000000800410001705000190005824500580007765000090013565000570014420141022142000.0090305s19uu xx 00 eng d aVHSbCOM3 2003 aCommunication Skills at Work: Dealing with Customers. aVHS. aCommunication Skills at Work: Dealing with Customers